Toutes les équipes nationales de rugby à 7 en Océanie - Statistiques

Statistiques générales
  • Ce quiz a été pris 18 fois
  • Le résultat moyen est 8 sur 11
Statistiques - réponses
Niveaux équipes nationales % Correct
🌍 régulière (compétitions internationales fréquentes) Australie
100%
🌟 Fidji
100%
🌟 élite mondiale (circuit mondial / podiums) Nouvelle-Zélande
100%
🌍 Samoa
100%
🌍 Tonga
100%
🛠 Nauru
71%
🛠 développement (équipes en structuration) Vanuatu
71%
🌎 Îles Salomon
65%
🌎émergente (niveau continental) Papouasie-Nouvelle-Guinée
59%
🛠 Îles Cook
41%
🛠 Niue
29%
Aucun quiz correspondant
Distribution des résultats
% des personnes avec chaque résultat
Percentile par nombre de réponses
Votre historique - résultats
Vous n’avez pas pris ce quiz